000
00298nam a2200109Ia 4500
008
230320s9999||||xx |||||||||||||| ||spa||
082
_a
869.5/T73L
100
_a
Toro Montalvo, Cesar
245
0
_a
Literatura Peruana: De Los Incas Hasta La Epoca Contemporanea
260
_b
Editores
942
_8
0
_c
LIB
999
_c
36721
_d
36721